Carregant...

Waves and Osillations

Harmonic Oscillations

Dades bibliogràfiques
Autor principal: N. Subramanyam
Altres autors: Brij Lal
Format: Printed Book
Publicat: New Delhi Vikas Publishing House 1982
Matèries:
LEADER 00763nam a22002057a 4500
020 |a 0706920430 
082 |a 530.14  |b SUB 
100 |a N. Subramanyam 
245 |a Waves and Osillations 
260 |a New Delhi  |b Vikas Publishing House   |c 1982 
300 |a 352 
520 |a Harmonic Oscillations 
520 |a Lissajous Figures 
650 |a Wave Motion 
650 |a Vibrations in Strings and air Columns 
700 |a Brij Lal 
942 |c BK 
999 |c 127687  |d 127683 
952 |0 0  |1 0  |4 0  |6 530_400000000000000_M2  |7 0  |8 NFIC  |9 125981  |a SPAP  |b SPAP  |c GEN  |d 2016-05-19  |e Pai & Co  |g 35.00  |l 0  |o 530.4 M2  |p SPAP 91  |r 2016-05-19  |w 2016-05-19  |y BK 
952 |0 0  |1 0  |4 0  |6 530_140000000000000_SUB  |7 0  |8 NFIC  |9 125982  |a SPAP  |b SPAP  |c GEN  |d 2017-08-25  |l 0  |o 530.14 SUB  |p SPAP90  |r 2017-08-25  |w 2017-10-04  |y BK